• 首页
  • 本馆介绍
  • 公告通知
  • 最新文献
  • 馆藏检索
  • 电子资源
  • 读者导购
  • 参考咨询
  • 我的图书馆
  • 登录
  • 详细信息显示
  • 放入我的书架
  • 预约/预借图书
  • 作者相关作品
  • 分类相关作品
  • 丛书相关作品
  • 出版社相关作品

书目信息

  • 表格格式
  • 工作单格式
  • 卡片格式
题名:
意向性
    
 
作者: 刘景钊 著
分册:  
出版信息: 北京   中国社会科学出版社  2005
页数: 290页
开本: 21cm
丛书名:
单 册:
中图分类: B017
科图分类:
主题词: 认识论--研究
电子资源:
ISBN: 7-5004-5211-X
000 00733nam0 2200229 450
001 TS2006042398
005 20070806103517.28
010    @a7-5004-5211-X@dCNY19.00
100    @a20060829d2005 em y0chiy0120 ea
101 0  @achi
102    @aCN@b110000
105    @ay a 000yy
200 1  @a意向性@AYi Xiang Xing@e心智关指世界的能力@EXin Zhi Guan Zhi Shi Jie De Neng Li@f刘景钊著@FLiu Jing Zhao Zhu
210    @a北京@c中国社会科学出版社@d2005
215    @a290页@d21cm
320    @a有书目 (第250-262页) 和索引
517 1  @a心智关指世界的能力@AXin Zhi Guan Zhi Shi Jie De Neng Li
606 0  @a认识论@x研究
690    @aB017@v4
701  0 @a刘景钊@ALiu Jing Zhao@4著
801  0 @aCN@b中图数据@c20070806
905    @a10447@dB017@e243
    
    意向性:心智关指世界的能力/刘景钊著.-北京:中国社会科学出版社,2005
    290页;21cm
    
    
    ISBN 7-5004-5211-X:CNY19.00
    
●
相关链接 在E读中查询图书 在五车中查询图书 在当当中查询图书 在豆瓣中查询图书


正题名:意向性     索取号:B017/243         预约/预借

序号 登录号 条形码 馆藏地/架位号 状态 备注
1 0601943   206019431   第一样本阅览室/ [索取号:B017/243] 在馆    
2 0601944   206019440   密集书库/ [索取号:B017/243] 在馆    
3 0601945   206019459   密集书库/ [索取号:B017/243] 在馆    
4 0601947   206019477   密集书库/ [索取号:B017/243] 在馆    
5 0602005   206020054   密集书库/ [索取号:B017/243] 在馆    
唐山师范学院图书馆 欢迎您!
大连网信软件有限公司© 版权所有